| 000 | 00452nam a2200157Ia 4500 | ||
|---|---|---|---|
| 003 | IN-BaIIA | ||
| 008 | 211028s9999 xx 000 0 eng d | ||
| 040 | _cIIA Library | ||
| 080 |
_a92:53 _bDIE |
||
| 245 | 0 |
_aRobert Williams Wood :1968-1955 _cedited by G. H. Dieke |
|
| 300 | _a327-345p. | ||
| 650 |
_aBiography - R W Wood _910801 |
||
| 650 |
_aMemoirs _9901 |
||
| 700 |
_aDieke, G. H., ed. _910802 |
||
| 942 | _cBK | ||
| 999 |
_c6291 _d6291 |
||